Socrates on Deception, Thievery and Violence: Towards Situational Ethics?

Skúmanie osobitných skupín svedectiev zo sokratickej literatúry o Sokratovom postoji k neetickým formám správania. Prvá skupina textov pozostáva z úvah o probléme podvodu a dilemy, či je vždy správne hovoriť pravdu. Ďalšia skupina odzrkadľuje, ako rôzni spisovatelia interpretovali morálnu hodnotu zl...

Descrizione completa

Salvato in:
Dettagli Bibliografici
Autore principale: Kalaš, Andrej
Altri autori: Škvrnda, František, ml., 1987-
Natura: Capitolo di libro
Lingua:inglese
Soggetti:
Tags: Aggiungi Tag
Nessun Tag, puoi essere il primo ad aggiungerne!!

MARC

LEADER 00000naa a2200000 4500
001 0262995
005 20240502083755.9
041 0 |a eng 
044 |a CZ 
245 1 0 |a Socrates on Deception, Thievery and Violence: Towards Situational Ethics?  |c Andrej Kalaš, František Škvrnda ml. 
520 |a Skúmanie osobitných skupín svedectiev zo sokratickej literatúry o Sokratovom postoji k neetickým formám správania. Prvá skupina textov pozostáva z úvah o probléme podvodu a dilemy, či je vždy správne hovoriť pravdu. Ďalšia skupina odzrkadľuje, ako rôzni spisovatelia interpretovali morálnu hodnotu zlodejstva. Tretia skupina opisuje sokratickú argumentáciu v súvislosti s násilnými spôsobmi správania, ako sú otroctvo a bitie. 
610 2 0 |a filozofia 
610 2 0 |a filozofi 
610 2 0 |a správanie 
100 1 |a Kalaš, Andrej 
700 1 |a Škvrnda, František, ml., 1987-